Slováci v zahraničí 13
Na minha lista:
| Outros Autores: | , |
|---|---|
| Formato: | Livro |
| Idioma: | eslovaco |
| Publicado em: |
Martin
Matica slovenská
1987
|
| Edição: | 1. vyd. |
| Colecção: | Teória a výskum
|
| Tags: |
Sem tags, seja o primeiro a adicionar uma tag!
|
MARC
| LEADER | 00000nam a2200000 4500 | ||
|---|---|---|---|
| 001 | c024795 | ||
| 005 | 20221219095156.7 | ||
| 041 | 0 | |a slo | |
| 044 | |a SK | ||
| 245 | 1 | 0 | |a Slováci v zahraničí 13 |c Hl. zost. František Bielik, Claude Baláž |
| 250 | |a 1. vyd. | ||
| 264 | 1 | |a Martin |b Matica slovenská |c 1987 | |
| 300 | |a 247 s. | ||
| 490 | 1 | |a Teória a výskum | |
| 830 | 0 | |a Teória a výskum | |
| 700 | 1 | |a Bielik, František | |
| 700 | 1 | |a Baláž, Claude | |